| 000 | 00979nam a22002177a 4500 | ||
|---|---|---|---|
| 001 | 5911 | ||
| 003 | FISKH | ||
| 005 | 20250205105849.0 | ||
| 008 | 250205b cb ||||| |||| 00| 0 eng d | ||
| 040 |
_aFISKH _beng _cFISKH _dFISKH |
||
| 050 | _aPR4560 .A1 | ||
| 082 | _a823.83 | ||
| 100 | _aDickens, Charles | ||
| 245 |
_aGreat expectations / _cby Charles Dickens |
||
| 260 |
_aPhnom Penh : _bFootprint International School, _c2025. |
||
| 300 |
_a530 pages : _billustrations ; _c21 cm |
||
| 520 | _aPip is content with his simple life until a bitter gentlewoman employs him as a sometime companion to herself and her adopted daughter. Pip then aspires to become a gentleman himself, though his dreams are unrealistic until the day he mysteriously comes into a fortune and is sent to London to become refined. The story follows Pip's journey into adulthood and emotional maturity and understanding. | ||
| 650 |
_aVictorian _vBritish |
||
| 942 |
_2ddc _cBK _n0 |
||
| 999 |
_c5911 _d5911 |
||